| 000 | 00498cam a2200157 a 4500 | ||
|---|---|---|---|
| 020 | _a0072426527 (pbk. : alk. paper) | ||
| 040 | _cDLC | ||
| 082 | 0 | 0 | _a301 HIL 2002 A020 Or. |
| 100 | 1 | _aKottak, Conrad Phillip. | |
| 245 | 1 | 0 |
_aAnthropology : _bthe exploration of human diversity / |
| 250 | _a9th ed. | ||
| 260 |
_aBoston : _bMcGraw-Hill, _cc2002. |
||
| 300 |
_axxix, 738 p. : _bill. (some col.), col. maps ; _c26 cm. + _e1 computer optical disc (4 3/4 in.) |
||
| 650 | 0 | _aAnthropology. | |
| 942 | _cEK | ||
| 999 |
_c12548 _d12548 |
||